Xo Kitty Personnages - Statistiques

Statistiques générales
  • Ce quiz a été pris 85 fois
  • Le résultat moyen est 11 sur 25
Statistiques - réponses
Hint Réponse % Correct
1 Katherine Song Covey
100%
5 Min Ho Moon
96%
2 Dae-Heon Kim
93%
4 Yuri Han
89%
3 Quincy Shabazian
84%
11 Juliana
66%
7 Alex Finnerty
56%
8 Daniel Lee
53%
16 Jin Lee
53%
22 Peter Kavinsky
49%
19 Stella Cho
49%
15 Praveena Bhakti
44%
6 Madison Miller
43%
13 Eunice Kang
39%
12 Florian Simon
39%
23 Margot Song Covey
33%
17 Young Moon
30%
9 Jina Lim
24%
10 Eve Song
19%
14 Mihee Yoon
14%
20 Daniel Covey
9%
18 Mr. Kim
9%
24 Joon Ho
4%
21 Trina Covey
4%
25 Dami
1%
Aucun quiz correspondant
Distribution des résultats
% des personnes avec chaque résultat
Percentile par nombre de réponses
Votre historique - résultats
Vous n’avez pas pris ce quiz